000 00686cam a2200265 4500
008 000000n2000 000 0 eng u
020 _a1842190261
035 _a(Sirsi) u107676
050 _a333.73
100 _aSyms, Paul
245 _aBuilding new homes on used land
260 _aLondon
_bRICS
_c2000
300 _aviii, 110p. ; 30cm.
650 _aCONTAMINATED LAND
650 _aBROWNFIELD SITES
650 _aEnvironment
_96238
650 _aPLANNING
650 _aREDEVELOPMENT
650 _aHOUSING DEVELOPMENT
650 _aLANDFILL SITES
650 _aDEVELOPMENT
700 _aKnight
_bPeter
710 _aJoseph Rowntree Foundation
_92318
942 _n0
999 _c100709
_d100709